[Event "Roncana op-B 10th"]
[Site "Santa Eulalia de Roncana"]
[Date "2016.10.08"]
[Round "3"]
[White "Homs Jimenez, Pau"]
[Black "Salvany Alonso, Artur"]
[Result "1-0"]
[WhiteElo "1424"]
[BlackElo "1762"]
[PlyCount "38"]
[EventDate "2016.09.24"]
[EventType "swiss"]
[EventRounds "8"]
[EventCountry "ESP"]
[SourceTitle "EXT 2018"]
[Source "ChessBase"]
[SourceDate "2017.10.13"]
[SourceVersion "1"]
[SourceVersionDate "2017.10.13"]
[SourceQuality "1"]

1. d4 Nf6 2. c4 g6 3. g3 Bg7 4. Bg2 d6 5. Nf3 0-0 6. 0-0 Bg4 7. Qb3 Nc6 8. e3 Na5 9. Qa4 Nc6 10. Nfd2 Bd7 11. Qb3 b6 12. Nc3 Rb8 13. Nde4 Na5 14. Qb4 c5 15. Qa3 Nxc4 16. Qxa7 Na5 17. Qa6 Nxe4 18. Bxe4 f5 19. Bg2 cxd4 1-0

[Event "Roncana op-B 9th"]
[Site "Santa Eulalia de Roncana"]
[Date "2015.11.14"]
[Round "6"]
[White "Homs Jimenez, Pau"]
[Black "Punsola Mena, Pol"]
[Result "1-0"]
[WhiteElo "1722"]
[BlackElo "1751"]
[PlyCount "83"]
[EventDate "2015.10.03"]
[EventType "swiss"]
[EventRounds "8"]
[EventCountry "ESP"]
[SourceTitle "EXT 2017"]
[Source "ChessBase"]
[SourceDate "2016.10.25"]
[SourceVersion "1"]
[SourceVersionDate "2016.10.25"]
[SourceQuality "1"]

1. d4 Nf6 2. c4 c5 3. d5 e6 4. Nc3 d6 5. Nf3 g6 6. Bf4 b6 7. dxe6 fxe6 8. Nb5 e5 9. Nxe5 dxe5 10. Qxd8+ Kxd8 11. Bxe5 Be7 12. Nc7 Bb7 13. Nxa8 Nc6 14. Nxb6 Nxe5 15. Rd1+ Kc7 16. Nd5+ Nxd5 17. cxd5 Rd8 18. e4 c4 19. Rc1 Ba6 20. f4 Ng4 21. Bxc4 Bb4+ 22. Ke2 Kb6 23. Bxa6 Kxa6 24. h3 Nf6 25. Rc6+ Kb5 26. Rxf6 Bf8 27. Rf7 Kc5 28. Kd3 a5 29. Rc1+ Kb6 30. Rxh7 Bd6 31. Rc6+ Kb5 32. Rb7+ Ka4 33. Rc4+ Bb4 34. a3 Kb3 35. axb4 Kxb2 36. bxa5+ Ka3 37. a6 Ra8 38. a7 Rxa7 39. Rxa7+ Kb3 40. Rb7+ Ka3 41. Rc8 Ka4 42. Ra8# 1-0

[Event "Llinars del Valles op-B 8th"]
[Site "Llinars del Valles"]
[Date "2014.05.10"]
[Round "3"]
[White "Herrera Grande, Placid"]
[Black "Homs Jimenez, Pau"]
[Result "0-1"]
[WhiteElo "1700"]
[BlackElo "1759"]
[PlyCount "82"]
[EventDate "2014.04.26"]
[EventType "swiss"]
[EventRounds "8"]
[EventCountry "ESP"]
[SourceTitle "EXT 2015"]
[Source "ChessBase"]
[SourceDate "2014.11.20"]
[SourceVersion "1"]
[SourceVersionDate "2014.11.20"]
[SourceQuality "1"]

1. e4 c5 2. Bc4 d6 3. Nf3 Nf6 4. d3 e6 5. Bg5 Be7 6. Qd2 Nbd7 7. Nc3 0-0 8. 0-0 a6 9. Rad1 b5 10. Bb3 Bb7 11. a3 Rc8 12. Rfe1 b4 13. axb4 cxb4 14. Ne2 a5 15. Nf4 Nc5 16. Nxe6 Nxb3 17. cxb3 fxe6 18. Nd4 Qd7 19. f3 Rfe8 20. e5 dxe5 21. Rxe5 Qxd4+ 22. Qe3 Qxe3+ 23. Bxe3 Bd6 24. Rxa5 Bd5 25. Ra3 bxa3 26. bxa3 Bxb3 27. Ra1 Rc3 28. a4 Rxd3 29. Bb6 Rb8 30. a5 Nd5 31. a6 Nxb6 32. a7 Rc8 33. Ra6 Bc5+ 34. Kf1 Rd2 35. Ke1 Be3 36. Ra1 Ba2 37. Rd1 Rcd8 38. Rxd2 Rxd2 39. g4 Bc4 40. h4 Bd5 41. h5 Bxf3 0-1